| 000 | 00903nam a2200205Ii 4500 | ||
|---|---|---|---|
| 003 | JO-AjNU | ||
| 008 | 230605s9999||||xx |||||||||||||| ||und|| | ||
| 040 |
_aJO-AjNU _bara _erda _cJO-AjNU |
||
| 041 | _aara | ||
| 050 | 1 | 4 | _aKBP453.M84 2000 |
| 100 | 3 |
_aمحمد، يحيى, _eauthor _918768 |
|
| 245 | 0 | 0 | _aالإجتهاد والتقليد والإتباع والنظر: بحث استدلالي مقارن يعنى بتحديد الموقف الشرعي للمثقف المسلم = The Educated Musiem |
| 250 | _aط1 | ||
| 264 | 3 | 1 | _aبيروت: مؤسسة الانتشار العربي، 2000 |
| 300 | _a243ص | ||
| 336 |
_atext _btxt _2rdacontent |
||
| 337 |
_aunmediated _bn _2rdamedia |
||
| 338 |
_avolume _bnc _2rdacarrier |
||
| 650 | 4 |
_aالاجتهاد - اصول الفقة - التقليد - اصول الفقة - اصول الفقة الاسلامي - الثقافة الاسلامية _918769 |
|
| 999 |
_aA6065 _c9633 _d9633 |
||